000 00483nam a2200193Ia 4500
005 20250317131149.0
008 008 250317s9999 xx 000 0 eng d
037 _aTextbook
040 _aFMSL
_beng
_cFMSL
041 _aeng
_2eng
084 _qFMSL
100 _aBates J
_9736613
245 0 _aBusiness economics
250 _aEd 3
260 _aBasil
_bBasil, Blackwell
_c1978
300 _a336p
942 _cTB
999 _c1266951
_d1266951